000 00517nam a2200181Ia 4500
008 240925s9999 xx 000 0 und d
020 _a9781119546658
082 _a004.6782 KIR
100 _aKirsch, Daniel ; Hurwitz, Judith
245 0 _aCloud computing for dummies
250 _a2nd
260 _aNew Jersey:
_bJohn wiley & Sons
_c,2020.
300 _a1166p.
_b0
_fOriginal
500 _aIncludes Index
600 _aComputer Science
650 _aComputer science, information & general works
942 _cBK
999 _c18121
_d18121